000
00216 a2200097 4500
001
27751
100
_a
Swartz, M M
245
_a
How to write better letters
260
_a
_b
Grosset & Dunlop
_c
090
_c
18539
_d
18539
942
_a
NUST-CAE
_c
M
_c
9490
999
_c
262824
_d
262824